Gimme 50 Quiz Stats

 Plays Quiz Updated Oct 17, 2018

Also try: Gimme 20
Challenge
Share
Tweet
Embed
Score 0/50 Timer 08:00
1 Play Today
% Correct
31
86.1%
49
85.6%
25
85.1%
37
84%
18
83%
22
81.9%
13
81.8%
17
81.7%
47
81.6%
41
81%
50
78.3%
27
78.1%
1
77.9%
21
77.2%
26
75.7%
7
73.7%
15
70.9%
32
70.6%
3
68%
2
65%
14
64.6%
45
62.5%
24
58.5%
5
57.8%
11
54.8%
% Correct
28
52.1%
20
51.4%
34
51.2%
35
51.1%
8
50.2%
10
49.9%
39
47.4%
33
46.9%
43
44.4%
48
44.3%
6
43.1%
42
42.4%
23
41.9%
19
36.4%
12
34.1%
16
33.3%
30
28.2%
9
27.4%
44
26.3%
36
22.9%
40
20.9%
38
17.7%
4
17.1%
29
7.2%
46
5.9%

You're not logged in!

Compare scores with friends on all Sporcle quizzes.
OR
Log In

You Might Also Like...

Show Comments

Extras

Top Quizzes Today


Score Distribution

Your Account Isn't Verified!

In order to create a playlist on Sporcle, you need to verify the email address you used during registration. Go to your Sporcle Settings to finish the process.

Report this User

Report this user for behavior that violates our Community Guidelines.

Details: